00509nam a2200109Ia 4500008004100000050002200041100003200063245018300095260008600278300002000364521001500384140724s9999 xx 000 0 und d aB 105b.B352 2014 aBautista, Ma Regene Anne M. aSocial networking usage and the social skill profile of the selected B.S. Psychologyology students of Southville International School and Colleges /cMa. Ragene Anne M. Bautista. aLas Piñas, Philippines :bSouthville International School and Colleges,cc2014. a81 p. :c28 cm. aPsychology